Engineering Graphics Parts 1 & 11 (Record no. 19354)
[ view plain ]
| 000 -LEADER | |
|---|---|
| fixed length control field | 00407nam a22001697a 4500 |
| 003 - CONTROL NUMBER IDENTIFIER | |
| control field | OSt |
| 008 - FIXED-LENGTH DATA ELEMENTS--GENERAL INFORMATION | |
| fixed length control field | 250211b |||||||| |||| 00| 0 eng d |
| 041 ## - LANGUAGE CODE | |
| Language code of text/sound track or separate title | eng |
| 082 ## - DEWEY DECIMAL CLASSIFICATION NUMBER | |
| Classification number | 604.2 |
| Item number | JOH/EN |
| 100 ## - MAIN ENTRY--AUTHOR NAME | |
| Personal name | John, KC |
| 245 ## - TITLE STATEMENT | |
| Title | Engineering Graphics Parts 1 & 11 |
| 250 ## - EDITION STATEMENT | |
| Edition statement | 8th |
| 260 ## - PUBLICATION, DISTRIBUTION, ETC. (IMPRINT) | |
| Place of publication | Thrissur: |
| Name of publisher | Jet Publications, |
| Year of publication | 1996. |
| 300 ## - PHYSICAL DESCRIPTION | |
| Number of Pages | 94U38. |
| 700 ## - ADDED ENTRY--PERSONAL NAME | |
| Personal name | Varghese, PI |
| 942 ## - ADDED ENTRY ELEMENTS (KOHA) | |
| Koha item type | Books |
| Withdrawn status | Lost status | Damaged status | Home library | Current library | Date acquired | Cost, normal purchase price | Full call number | Accession Number | Koha item type |
|---|---|---|---|---|---|---|---|---|---|
| KAUAET | KAUAET | 11/02/2025 | 100.00 | 604.2 JOH/EN | 19230 | Books |
